| 000 | 01477nam a22002417a 4500 | ||
|---|---|---|---|
| 005 | 20240530110922.0 | ||
| 008 | 220221s1986 ua a g b 000 0 ara d | ||
| 040 |
_aEG-CaGPL _cEG-CaGPL |
||
| 082 | 0 | 4 |
_221 _a343.01 / _bم ج |
| 100 | 0 | _aجمال الدين سالم حجازى | |
| 245 | 1 | 1 |
_aموسوعة القضاء العسكرى / _cتاليف جمال الدين سالم حجازى ، حلمى عبدالجواد الدقدوقى _nالجزء الاول _pقانون الاحكام العسكرية رقم 25 لسنة 1966 المعدل بالقانون رقم 1 لسنة 1983 - قرار بقانون رد الاعتبارعن احكام المحاكم العسكرية رقم 2 لسنة 1969 - ونطاق التطبيق على الشرطة بالقانون رقم 109 لسنة 1971 بشان هيئة الشرطة _nالجزء الثانى _pتشريعات الخدمة العسكرية والوطنية - قانون التجنيد والخدمة العامة |
| 250 | _aط.1 | ||
| 260 |
_aالقاهرة : _bالمؤلف، _c1986 |
||
| 300 |
_a2 جزء ؛ _c24 سم |
||
| 650 | 0 | 7 |
_aالقانون _2qrmak |
| 650 | 0 | 7 |
_aالقضاء العسكرى _2qrmak |
| 650 | 0 | 7 |
_aالمحاكم العسكرية _2qrmak |
| 650 | 0 | 7 |
_aالخدمة العسكرية _2qrmak |
| 650 | 0 | 7 |
_aالخدمة العامة _2qrmak |
| 700 |
_aحلمى عبدالجواد الدقدوقى _eمؤلف مشارك |
||
| 942 |
_2ddc _cBK |
||
| 999 |
_c66509 _d66509 |
||